| 000 | 00484nam a22001937a 4500 | ||
|---|---|---|---|
| 999 |
_c532808 _d532808 |
||
| 003 | NUST | ||
| 005 | 20191203111037.0 | ||
| 008 | 170320b xxu||||| |||| 00| 0 eng d | ||
| 020 | _a9789698535179 | ||
| 038 | _aMSOHAIL | ||
| 040 | _c.0 | ||
| 082 | _a891.4393 KHA | ||
| 100 |
_aSiddiqui,Khaliq Ahmed _96578 |
||
| 245 |
_aJAMAL UL Amsal / _cProf Khaliq Ahmed Siddiqui |
||
| 260 |
_aIslamabad, _bNUST, _c2014. |
||
| 300 |
_a444 p. ; _c22.5 cm. |
||
| 500 | _aH.B | ||
| 942 |
_2ddc _cBK |
||